000 01227nam a2200433 a 4500
001 21736
003 CZ PrNK
005 20260309111248.0
007 ta
008 130719s2013 xr a b 000 j slo
015 _acnb002475636
020 _a9788025225943
_q(váz.)
035 _a(OCoLC)857953138
040 _aOLA001
_bcze
_dABA001
041 1 _aslo
_heng
072 7 _a821-93
_xLiteratura pro děti a mládež (beletrie)
_2Konspekt
080 _a821-34
_2MRF
080 _a821-93
_2MRF
080 _a(0:82-34)
_2MRF
080 _a(0.025.2)
_2MRF
245 0 0 _aNa vlásku /
_c[preložila Eva Krupová]
250 _a1. vyd.
260 _aV Prahe :
_bEgmont,
_c2013
300 _a[12] s. :
_bbarev. il. ;
_c23 cm
490 1 _aDisney. Princezné
500 _aPřeloženo z angličtiny
500 _aKartonové listy
655 7 _apohádky
_2czenas
655 7 _apublikace pro děti
_2czenas
655 7 _aleporela
_2czenas
655 9 _afairy tales
_2eczenas
655 9 _achildren's literature
_2eczenas
655 9 _afolding picture-books
_2eczenas
765 0 _tTangled
830 0 _aDisney.
_pPrincezné
901 _b9788025225943
_f1. vyd.
_o20130807
910 _aABA001
942 _2ddc
_cKLDE
_n0
999 _c21736
_d21736